000 00656nam a2200169 a 4500
008 150327s1995 ||||||||||||||||| || u
050 _aIBRD(06)CS/1995/1
110 _aWorld Bank
245 1 0 _aHungary: Structural reforms for sustainable growth
260 _aWashington, D.C.
_bWorld Bank
_c1995
300 _ax, 177p.
490 _aWorld Bank Country Study
650 _aHUNGARY--SOCIAL CONDITIONS--1989-
650 _aHUNGARY--ECONOMIC CONDITIONS--1989-
650 _aHUNGARY--ECONOMIC POLICY--1989-
995 _FCBU-MAIN LIBRARY (Kitwe)
_M1
_UAVAILABLE
_WMar 27, 2015
_ZInternational Publications
999 _c46034
_d46034